000 00532nam a2200181Ia 4500
008 100920s9999 xx 000 0 und d
082 _b81066
_a891.464 थ 92
100 _aडहाणुकर शरदिनी.
245 _aफुलवा.
260 _bपॉप्युलर प्रकाशन, मुंबई.
_c1992
300 _a128
_bसाधी
365 _b75
520 _aनिबंध.
630 _aफुलवा.
650 _aनिबंध.
730 _aफुलवा.
942 _cBOOK
999 _c721903
_d721900